20th century jewelry : the complete sourcebook

Bibliographic Details
Main Author: Peacock, John
Format: Book
Published: London : Thames & Hudson Publishers , 2002
Subjects:

MARC

LEADER 00000cam a2200000 7i4500
001 0000026165
005 20090430.0
008 090423
020 |a 0500510830 
090 0 0 |a 391.70904   |b PEA 
100 1 |a Peacock, John 
245 1 0 |a 20th century jewelry :   |b the complete sourcebook   |c John Peacock 
260 |a London :   |b Thames & Hudson Publishers ,   |c 2002 
650 0 |a Jewelry   |x history   |x 20th century 
999 |a 0001046797   |b Book   |c REFERENCE   |e Perbadanan Perpustakaan Awam Johor